Statistics for Biggest U.S. Cities by Letter - N

Click here to take the quiz!

General Stats

  • This quiz has been taken 37,411 times
    (6,865 since last reset)
  • The average score is 8 of 18

Answer Stats

Pop State Hint City % Correct
8,398,748New York"The Big Apple"New York City
100%
669,053TennesseeCountry musicNashville
96%
391,006Louisiana"The Big Easy"New Orleans
94%
282,090New JerseyCory BookerNewark
75%
85,326CaliforniaBanana stand{Newport}
Beach
59%
130,418ConnecticutYale UniversityNew Haven
53%
244,076VirginiaU.S. Navy BaseNorfolk
53%
178,626VirginiaInitials N.N.Newport News
39%
123,471OklahomaUniversity of
Oklahoma
Norman
35%
245,949NevadaVegas suburbNorth Las
Vegas
30%
89,246N. HampshireDunder Mifflin
Branch
Nashua
28%
88,904Mass.Boston suburbNewton
27%
148,304IllinoisChicago suburbNaperville
24%
96,252IdahoBoise suburbNampa
18%
113,237S. CarolinaCharleston
suburb
North
Charleston
17%
105,120CaliforniaL.A. suburbNorwalk
16%
89,047ConnecticutXerox HQNorwalk
16%
95,315Mass.WhalingNew Bedford
13%

Score Distribution

Percentile by Number Answered

Percent of People with Each Score

Your Score History

You have not taken this quiz since the last reset